00622cam a2200205 i 4500003000400000005001700004008004100021020003100062020002700093040002900120082001900149245006300168250001100231264003300242300003700275504003400312650001500346700002800361700002700389OSt20260702114309.0190909s2017 stka b 001 0 eng  a9780323834827q(paperback) z9780323834834q(eISBN) aKABLIBbengerdacKABLIB00a618.2223bMAY00aMayes' midwifery /c Sue Macdonald, Gail Johnson (editors) a16 ed. 1aNew York :bElsevier,cc2024 axviii,1514 p. ;bill,col,c24 cm a includes references, indexes 0aMidwifery.1 aMacdonald, Sueeeditor.1 aJohnson, Gaileeditor.